000
00226 a2200109 4500
001
8912
082
_a
331.861 BEV
090
_c
7100
_d
7100
100
_a
Bevercidge A
245
_a
apprenticeship Now
_h
English
260
_b
chapman
_a
1963
942
_a
NUST-CAE
999
_c
243985
_d
243985